[Event "U20 Polish Youth Championship"]
[Site "Ustron"]
[Date "2019.11.29"]
[Round "8"]
[White "Janik, Igor"]
[Black "Jarzebowski, Kacper"]
[Result "1-0"]
[Board "11"]
[WhiteElo "2466"]
[WhiteTitle "IM"]
[WhiteCountry "POL"]
[WhiteFideId "1159259"]
[WhiteEloChange "1"]
[BlackElo "2079"]
[BlackCountry "POL"]
[BlackFideId "1184954"]
[BlackEloChange "-2"]

1. e4 {[%clk 1:30:30]} c5 {[%clk 1:30:30]} 2. Nf3 {[%clk 1:30:30]} a6 {[%clk
1:30:30]} 3. c4 {[%clk 1:30:30]} d6 {[%clk 1:30:30]} 4. d4 {[%clk 1:30:30]} Nf6
{[%clk 1:30:30]} 5. Nc3 {[%clk 1:30:30]} cxd4 {[%clk 1:30:30]} 6. Nxd4 {[%clk
1:30:30]} e6 {[%clk 1:30:30]} 7. Be2 {[%clk 1:30:30]} Nbd7 {[%clk 1:30:30]} 8.
O-O {[%clk 1:30:30]} b6 {[%clk 1:30:30]} 9. Be3 {[%clk 1:30:30]} Bb7 {[%clk
1:30:30]} 10. f3 {[%clk 1:30:30]} Be7 {[%clk 1:30:30]} 11. Qd2 {[%clk 1:30:30]}
Rc8 {[%clk 1:30:30]} 12. a4 {[%clk 1:30:30]} O-O {[%clk 1:30:30]} 13. a5 {[%clk
1:30:30]} Ne5 {[%clk 1:30:19]} 14. axb6 {[%clk 1:29:53]} Nxc4 {[%clk 1:30:19]}
15. Bxc4 {[%clk 1:29:53]} Rxc4 {[%clk 1:30:43]} 16. Nb3 {[%clk 1:30:18]} Qb8
{[%clk 1:20:29]} 17. Na5 {[%clk 1:29:00]} Rcc8 {[%clk 1:20:44]} 18. Qd3 {[%clk
1:25:03]} Nd7 {[%clk 1:20:53]} 19. Nxb7 {[%clk 1:23:34]} Qxb7 {[%clk 1:20:37]}
20. Rxa6 {[%clk 1:23:54]} Nc5 {[%clk 1:16:18]} 21. Bxc5 {[%clk 1:24:08]} dxc5
{[%clk 1:14:45]} 22. Qb5 {[%clk 1:22:54]} Bf6 {[%clk 1:12:40]} 23. Rfa1 {[%clk
1:18:04]} Bd4+ {[%clk 1:12:50]} 24. Kh1 {[%clk 1:18:04]} Rb8 {[%clk 1:09:33]} 25.
Na4 {[%clk 1:15:59]} Ra8 {[%clk 1:05:30]} 26. Rxa8 {[%clk 1:14:15]} Rxa8 {[%clk
1:04:32]} 27. Rc1 {[%clk 1:12:26]} h6 {[%clk 1:02:38]} 28. h3 {[%clk 1:11:12]}
Rc8 {[%clk 0:57:23]} 29. Nxc5 {[%clk 1:04:35]} Qb8 {[%clk 0:56:05]} 30. Rc4
{[%clk 1:00:00]} Be3 {[%clk 0:48:30]} 31. Rc3 {[%clk 0:40:53]} Rd8 {[%clk
0:26:05]} 32. Nd7 {[%clk 0:39:03]} Bf4 {[%clk 0:19:11]} 33. g3 {[%clk 0:34:42]}
Qb7 {[%clk 0:19:11]} 34. Rd3 {[%clk 0:34:42]} Bg5 {[%clk 0:18:18]} 35. Nc5 {[%clk
0:29:40]} Qb8 {[%clk 0:17:56]} 36. f4 {[%clk 0:29:59]} Rxd3 {[%clk 0:16:47]} 37.
Nxd3 {[%clk 0:30:24]} Bd8 {[%clk 0:16:36]} 38. b7 {[%clk 0:30:44]} Bc7 {[%clk
0:15:27]} 39. Kg2 {[%clk 0:30:17]} g5 {[%clk 0:14:44]} 40. fxg5 {[%clk 0:30:05]}
Bxg3 {[%clk 0:14:59]} 41. gxh6 {[%clk 0:30:14]} Bh2 {[%clk 0:14:31]} 42. Qg5+
{[%clk 0:30:39]} Kf8 {[%clk 0:14:51]} 43. h7 {[%clk 0:30:39]} 1-0

[Event "U20 Polish Youth Championship"]
[Site "Ustron"]
[Date "2019.11.29"]
[Round "8"]
[White "Karpus, Michal"]
[Black "Karolczuk, Iwo"]
[Result "1/2-1/2"]
[Board "13"]
[WhiteElo "2312"]
[WhiteTitle "FM"]
[WhiteCountry "POL"]
[WhiteFideId "1174088"]
[WhiteEloChange "-7"]
[BlackElo "1982"]
[BlackCountry "POL"]
[BlackFideId "21816972"]
[BlackEloChange "7"]

1. e4 {[%clk 1:30:47]} c5 {[%clk 1:30:54]} 2. Nf3 {[%clk 1:30:41]} e6 {[%clk
1:31:18]} 3. d4 {[%clk 1:31:03]} cxd4 {[%clk 1:31:46]} 4. Nxd4 {[%clk 1:31:24]}
a6 {[%clk 1:32:10]} 5. c4 {[%clk 1:31:37]} Nf6 {[%clk 1:32:36]} 6. Nc3 {[%clk
1:31:59]} Bb4 {[%clk 1:33:03]} 7. Qd3 {[%clk 1:32:14]} Qc7 {[%clk 1:33:30]} 8. a3
{[%clk 1:32:19]} Bxc3+ {[%clk 1:33:55]} 9. Qxc3 {[%clk 1:32:41]} d6 {[%clk
1:34:16]} 10. f3 {[%clk 1:32:11]} e5 {[%clk 1:34:37]} 11. Nc2 {[%clk 1:30:47]}
Be6 {[%clk 1:35:03]} 12. Be2 {[%clk 1:29:56]} O-O {[%clk 1:34:33]} 13. Bg5 {[%clk
1:17:40]} Nbd7 {[%clk 1:34:32]} 14. O-O {[%clk 1:16:18]} Rfc8 {[%clk 1:26:30]}
15. Ne3 {[%clk 1:14:07]} h6 {[%clk 1:25:55]} 16. Bh4 {[%clk 1:12:40]} b5 {[%clk
1:24:30]} 17. b3 {[%clk 0:58:07]} bxc4 {[%clk 1:17:38]} 18. Bxf6 {[%clk 0:55:52]}
Nxf6 {[%clk 1:17:49]} 19. Nxc4 {[%clk 0:54:31]} Rab8 {[%clk 1:10:24]} 20. Rab1
{[%clk 0:47:17]} Qc5+ {[%clk 1:04:56]} 21. Kh1 {[%clk 0:43:34]} Qxa3 {[%clk
1:04:07]} 22. Rfc1 {[%clk 0:36:38]} Qb4 {[%clk 0:59:41]} 23. Qxb4 {[%clk
0:34:34]} Rxb4 {[%clk 1:00:06]} 24. Nxd6 {[%clk 0:34:40]} Rxc1+ {[%clk 1:00:25]}
25. Rxc1 {[%clk 0:35:01]} Rxb3 {[%clk 0:59:03]} 26. Ra1 {[%clk 0:34:48]} a5
{[%clk 0:50:57]} 27. Kg1 {[%clk 0:33:46]} Rb2 {[%clk 0:50:28]} 28. Bc4 {[%clk
0:32:28]} Rb6 {[%clk 0:48:46]} 29. Bxe6 {[%clk 0:30:36]} Rxd6 {[%clk 0:49:05]}
30. Bc4 {[%clk 0:29:03]} Rc6 {[%clk 0:49:04]} 31. Bb5 {[%clk 0:28:43]} 1/2-1/2

[Event "U20 Polish Youth Championship"]
[Site "Ustron"]
[Date "2019.11.29"]
[Round "8"]
[White "Czopor, Maciej"]
[Black "Koloczek, Maciej"]
[Result "1-0"]
[Board "14"]
[WhiteElo "2227"]
[WhiteCountry "POL"]
[WhiteFideId "21805431"]
[WhiteEloChange "3"]
[BlackElo "1947"]
[BlackCountry "POL"]
[BlackFideId "1198785"]
[BlackEloChange "-3"]

1. e4 {[%clk 1:30:58]} e6 {[%clk 1:30:53]} 2. d4 {[%clk 1:31:24]} d5 {[%clk
1:31:13]} 3. Nd2 {[%clk 1:31:48]} Be7 {[%clk 1:31:36]} 4. Ngf3 {[%clk 1:31:45]}
Nf6 {[%clk 1:31:51]} 5. e5 {[%clk 1:32:06]} Nfd7 {[%clk 1:32:14]} 6. Bd3 {[%clk
1:32:05]} c5 {[%clk 1:32:22]} 7. c3 {[%clk 1:32:24]} b6 {[%clk 1:32:40]} 8. Qe2
{[%clk 1:28:02]} a5 {[%clk 1:32:38]} 9. O-O {[%clk 1:24:55]} Ba6 {[%clk 1:32:16]}
10. Bxa6 {[%clk 1:23:07]} Nxa6 {[%clk 1:32:32]} 11. Ne1 {[%clk 1:22:23]} Nc7
{[%clk 1:22:35]} 12. f4 {[%clk 1:21:42]} O-O {[%clk 1:15:49]} 13. Ndf3 {[%clk
1:19:56]} b5 {[%clk 1:10:26]} 14. g4 {[%clk 1:15:20]} b4 {[%clk 1:05:26]} 15. f5
{[%clk 1:14:45]} a4 {[%clk 0:52:04]} 16. cxb4 {[%clk 1:13:03]} cxb4 {[%clk
0:50:55]} 17. Nd3 {[%clk 1:11:05]} Qb8 {[%clk 0:45:04]} 18. Nf4 {[%clk 1:08:12]}
Ra6 {[%clk 0:40:25]} 19. Nh5 {[%clk 0:52:48]} Qb5 {[%clk 0:37:26]} 20. Qf2 {[%clk
0:51:41]} f6 {[%clk 0:35:33]} 21. exf6 {[%clk 0:49:07]} Nxf6 {[%clk 0:34:38]} 22.
Nxf6+ {[%clk 0:48:56]} Bxf6 {[%clk 0:33:58]} 23. Bf4 {[%clk 0:41:23]} Ne8 {[%clk
0:32:12]} 24. fxe6 {[%clk 0:39:06]} Rxe6 {[%clk 0:30:50]} 25. Rae1 {[%clk
0:38:55]} Rxe1 {[%clk 0:26:40]} 26. Rxe1 {[%clk 0:36:06]} g6 {[%clk 0:26:50]} 27.
Qe3 {[%clk 0:33:33]} Ng7 {[%clk 0:25:16]} 28. Bd6 {[%clk 0:25:59]} Re8 {[%clk
0:24:25]} 29. Qf4 {[%clk 0:26:00]} Rxe1+ {[%clk 0:21:22]} 30. Nxe1 {[%clk
0:26:21]} Qe2 {[%clk 0:21:19]} 31. Qxf6 {[%clk 0:25:27]} Qxe1+ {[%clk 0:21:31]}
32. Kg2 {[%clk 0:25:31]} Qe2+ {[%clk 0:19:11]} 33. Kg3 {[%clk 0:25:03]} Qe1+
{[%clk 0:18:09]} 34. Qf2 {[%clk 0:25:00]} Qe8 {[%clk 0:13:02]} 35. Be5 {[%clk
0:20:38]} Qe6 {[%clk 0:12:14]} 36. Qc2 {[%clk 0:20:22]} h5 {[%clk 0:11:42]} 37.
h3 {[%clk 0:20:32]} Qa6 {[%clk 0:10:57]} 38. Kf2 {[%clk 0:14:01]} hxg4 {[%clk
0:08:41]} 39. hxg4 {[%clk 0:14:10]} Qe6 {[%clk 0:08:34]} 40. Kg3 {[%clk 0:41:53]}
Qa6 {[%clk 0:37:49]} 41. Kf2 {[%clk 0:34:23]} Qe6 {[%clk 0:37:44]} 42. Qe2 {[%clk
0:34:31]} Qc6 {[%clk 0:34:52]} 43. Qd2 {[%clk 0:33:03]} Qb7 {[%clk 0:32:40]} 44.
Qc2 {[%clk 0:31:20]} Qf7+ {[%clk 0:30:45]} 45. Kg3 {[%clk 0:25:37]} Qe8 {[%clk
0:21:55]} 46. Qc7 {[%clk 0:24:47]} Qf7 {[%clk 0:20:29]} 47. Qd8+ {[%clk 0:18:52]}
Kh7 {[%clk 0:19:50]} 48. Qh4+ {[%clk 0:19:06]} Kg8 {[%clk 0:20:06]} 49. Qh6
{[%clk 0:19:05]} 1-0

[Event "U20 Polish Youth Championship"]
[Site "Ustron"]
[Date "2019.11.29"]
[Round "8"]
[White "Oglaza, Oskar"]
[Black "Trybus, Daniel"]
[Result "1-0"]
[Board "15"]
[WhiteElo "2360"]
[WhiteTitle "FM"]
[WhiteCountry "POL"]
[WhiteFideId "1194402"]
[WhiteEloChange "2"]
[BlackElo "1862"]
[BlackCountry "POL"]
[BlackFideId "21816131"]
[BlackEloChange "-2"]

1. e4 {[%clk 1:30:48]} c6 {[%clk 1:28:15]} 2. d4 {[%clk 1:31:11]} d5 {[%clk
1:28:43]} 3. Nc3 {[%clk 1:31:32]} dxe4 {[%clk 1:29:09]} 4. Nxe4 {[%clk 1:31:56]}
Nf6 {[%clk 1:29:36]} 5. Nxf6+ {[%clk 1:32:17]} gxf6 {[%clk 1:30:05]} 6. c3 {[%clk
1:32:35]} Qd5 {[%clk 1:30:17]} 7. Nf3 {[%clk 1:32:28]} Bf5 {[%clk 1:30:22]} 8.
Be2 {[%clk 1:32:44]} Rg8 {[%clk 1:29:59]} 9. Nh4 {[%clk 1:31:43]} Be4 {[%clk
1:27:23]} 10. f3 {[%clk 1:31:53]} Qh5 {[%clk 1:25:42]} 11. g3 {[%clk 1:31:58]}
Bg6 {[%clk 1:23:23]} 12. Qb3 {[%clk 1:27:04]} b6 {[%clk 1:18:37]} 13. Be3 {[%clk
1:26:30]} e6 {[%clk 1:13:37]} 14. O-O-O {[%clk 1:26:41]} Bd6 {[%clk 1:09:40]} 15.
Rhe1 {[%clk 1:26:34]} Nd7 {[%clk 1:07:59]} 16. f4 {[%clk 1:25:44]} Qa5 {[%clk
1:05:18]} 17. Bf3 {[%clk 1:25:05]} Bh5 {[%clk 1:00:01]} 18. d5 {[%clk 1:22:09]}
Bxf3 {[%clk 0:42:29]} 19. dxe6 {[%clk 1:22:34]} Bd5 {[%clk 0:40:51]} 20. exd7+
{[%clk 1:22:59]} Kd8 {[%clk 0:38:43]} 21. c4 {[%clk 1:23:24]} Be4 {[%clk
0:29:52]} 22. Bd2 {[%clk 1:23:45]} 1-0

[Event "U20 Polish Youth Championship"]
[Site "Ustron"]
[Date "2019.11.29"]
[Round "8"]
[White "Adamczewski, Maciej"]
[Black "Starosciak, Szymon"]
[Result "0-1"]
[Board "16"]
[WhiteElo "2095"]
[WhiteCountry "POL"]
[WhiteFideId "1148702"]
[WhiteEloChange "-18"]
[BlackElo "1714"]
[BlackCountry "POL"]
[BlackFideId "21895848"]
[BlackEloChange "18"]

1. d4 {[%clk 1:30:30]} d5 {[%clk 1:30:53]} 2. c4 {[%clk 1:30:39]} c6 {[%clk
1:31:17]} 3. Nc3 {[%clk 1:30:27]} Nf6 {[%clk 1:31:37]} 4. Nf3 {[%clk 1:30:46]} e6
{[%clk 1:31:37]} 5. e3 {[%clk 1:29:57]} Nbd7 {[%clk 1:31:57]} 6. Bd3 {[%clk
1:29:54]} dxc4 {[%clk 1:32:19]} 7. Bxc4 {[%clk 1:30:20]} b5 {[%clk 1:32:44]} 8.
Bd3 {[%clk 1:30:35]} Bb7 {[%clk 1:29:06]} 9. O-O {[%clk 1:26:02]} Be7 {[%clk
1:25:21]} 10. b3 {[%clk 1:15:04]} O-O {[%clk 1:22:09]} 11. Bb2 {[%clk 1:09:08]}
b4 {[%clk 1:20:11]} 12. Ne2 {[%clk 1:06:26]} c5 {[%clk 1:19:59]} 13. Ng3 {[%clk
1:06:43]} Rc8 {[%clk 1:15:04]} 14. Qe2 {[%clk 1:01:24]} Qb6 {[%clk 1:04:52]} 15.
Ne5 {[%clk 0:57:46]} Nxe5 {[%clk 0:53:02]} 16. dxe5 {[%clk 0:58:10]} Nd5 {[%clk
0:49:35]} 17. Qh5 {[%clk 0:36:16]} g6 {[%clk 0:46:00]} 18. Qe2 {[%clk 0:36:04]}
Rfd8 {[%clk 0:42:59]} 19. Ne4 {[%clk 0:31:36]} Qc6 {[%clk 0:37:08]} 20. f3 {[%clk
0:28:34]} Qb6 {[%clk 0:32:28]} 21. Bc4 {[%clk 0:28:05]} Qa5 {[%clk 0:25:15]} 22.
Rac1 {[%clk 0:27:00]} Nb6 {[%clk 0:25:05]} 23. Nf6+ {[%clk 0:23:39]} Bxf6 {[%clk
0:21:13]} 24. exf6 {[%clk 0:24:05]} Nxc4 {[%clk 0:17:25]} 25. Qxc4 {[%clk
0:23:35]} Rd5 {[%clk 0:10:15]} 26. Qf4 {[%clk 0:20:30]} Qd8 {[%clk 0:08:25]} 27.
e4 {[%clk 0:19:02]} Rd3 {[%clk 0:07:47]} 28. Rc2 {[%clk 0:17:09]} Ba6 {[%clk
0:06:15]} 29. Rfc1 {[%clk 0:16:54]} Qf8 {[%clk 0:05:10]} 30. Be5 {[%clk 0:16:46]}
h6 {[%clk 0:04:48]} 31. Bc7 {[%clk 0:15:47]} c4 {[%clk 0:04:11]} 32. Be5 {[%clk
0:11:22]} c3 {[%clk 0:03:42]} 33. h4 {[%clk 0:11:39]} Kh7 {[%clk 0:03:35]} 34.
Kh2 {[%clk 0:11:10]} Bb5 {[%clk 0:02:10]} 35. a3 {[%clk 0:09:58]} a5 {[%clk
0:02:24]} 36. Bc7 {[%clk 0:08:56]} a4 {[%clk 0:00:58]} 37. axb4 {[%clk 0:09:12]}
axb3 {[%clk 0:01:20]} 38. Rxc3 {[%clk 0:09:24]} b2 {[%clk 0:01:21]} 39. Rxd3
{[%clk 0:03:38]} bxc1Q {[%clk 0:01:15]} 40. Qxc1 {[%clk 0:33:57]} Bxd3 {[%clk
0:31:42]} 41. Qc6 {[%clk 0:33:37]} Qd8 {[%clk 0:31:05]} 0-1

[Event "U20 Polish Youth Championship"]
[Site "Ustron"]
[Date "2019.11.29"]
[Round "8"]
[White "Dzwierzynski, Bartosz"]
[Black "Sowinski, Pawel"]
[Result "0-1"]
[Board "17"]
[WhiteElo "2065"]
[WhiteCountry "POL"]
[WhiteFideId "21812837"]
[WhiteEloChange "-18"]
[BlackElo "1605"]
[BlackCountry "POL"]
[BlackFideId "21881979"]
[BlackEloChange "18"]

1. d4 {[%clk 1:30:58]} Nf6 {[%clk 1:30:53]} 2. c4 {[%clk 1:31:25]} e6 {[%clk
1:31:15]} 3. Nf3 {[%clk 1:30:59]} Bb4+ {[%clk 1:31:21]} 4. Nbd2 {[%clk 1:31:20]}
d5 {[%clk 1:30:48]} 5. a3 {[%clk 1:30:40]} Bxd2+ {[%clk 1:29:06]} 6. Bxd2 {[%clk
1:30:57]} dxc4 {[%clk 1:29:00]} 7. e3 {[%clk 1:31:13]} O-O {[%clk 1:28:05]} 8.
Bxc4 {[%clk 1:31:03]} Nbd7 {[%clk 1:27:41]} 9. O-O {[%clk 1:31:21]} Nb6 {[%clk
1:27:55]} 10. Ba2 {[%clk 1:30:11]} Nbd5 {[%clk 1:22:06]} 11. Qc2 {[%clk 1:29:14]}
b6 {[%clk 1:16:54]} 12. e4 {[%clk 1:27:58]} Ne7 {[%clk 1:16:58]} 13. Bg5 {[%clk
1:27:17]} Bb7 {[%clk 1:17:01]} 14. Rfe1 {[%clk 1:27:03]} c5 {[%clk 1:09:47]} 15.
Bxf6 {[%clk 1:20:50]} gxf6 {[%clk 1:09:46]} 16. d5 {[%clk 1:20:43]} exd5 {[%clk
1:08:00]} 17. exd5 {[%clk 1:21:09]} Ng6 {[%clk 1:07:26]} 18. Rad1 {[%clk
1:19:58]} Qd6 {[%clk 1:07:22]} 19. Nd2 {[%clk 1:15:21]} Rfe8 {[%clk 1:03:27]} 20.
Nf1 {[%clk 1:12:53]} Rxe1 {[%clk 0:52:50]} 21. Rxe1 {[%clk 1:13:19]} Rd8 {[%clk
0:52:53]} 22. Ne3 {[%clk 1:11:30]} Qe5 {[%clk 0:50:09]} 23. Rd1 {[%clk 1:08:34]}
Nf4 {[%clk 0:46:29]} 24. h4 {[%clk 0:41:08]} Kh8 {[%clk 0:29:08]} 25. g3 {[%clk
0:26:52]} Rg8 {[%clk 0:26:09]} 26. Kh2 {[%clk 0:25:15]} Bc8 {[%clk 0:17:17]} 27.
Bb1 {[%clk 0:23:08]} Qh5 {[%clk 0:12:36]} 28. d6 {[%clk 0:18:48]} Bd7 {[%clk
0:12:52]} 29. Qe4 {[%clk 0:18:39]} Ng6 {[%clk 0:10:53]} 30. Rd5 {[%clk 0:12:25]}
Qe2 {[%clk 0:08:10]} 31. Qc2 {[%clk 0:06:08]} Qf3 {[%clk 0:08:19]} 32. Rd1 {[%clk
0:03:19]} Rg7 {[%clk 0:07:38]} 33. Ng2 {[%clk 0:01:29]} Ne5 {[%clk 0:07:00]} 34.
Ne3 {[%clk 0:01:05]} Ba4 {[%clk 0:02:06]} 35. Qf5 {[%clk 0:00:32]} Bxd1 {[%clk
0:01:52]} 36. d7 {[%clk 0:00:48]} Nxd7 {[%clk 0:01:42]} 37. Qxd7 {[%clk 0:00:36]}
Qxf2+ {[%clk 0:01:42]} 0-1

[Event "U20 Polish Youth Championship"]
[Site "Ustron"]
[Date "2019.11.29"]
[Round "8"]
[White "Hasterok, Mateusz"]
[Black "Panek, Bartosz"]
[Result "1/2-1/2"]
[Board "18"]
[WhiteElo "2018"]
[WhiteCountry "POL"]
[WhiteFideId "21822352"]
[BlackElo "2029"]
[BlackCountry "POL"]
[BlackFideId "1198220"]

1. d4 {[%clk 1:30:30]} Nf6 {[%clk 1:30:36]} 2. c4 {[%clk 1:31:23]} g6 {[%clk
1:31:00]} 3. f3 {[%clk 1:31:49]} d5 {[%clk 1:31:23]} 4. cxd5 {[%clk 1:32:14]} c6
{[%clk 1:31:50]} 5. e4 {[%clk 1:32:33]} cxd5 {[%clk 1:32:16]} 6. e5 {[%clk
1:32:59]} Nfd7 {[%clk 1:32:40]} 7. Nc3 {[%clk 1:33:13]} e6 {[%clk 1:32:24]} 8. f4
{[%clk 1:33:39]} Nc6 {[%clk 1:32:37]} 9. Nf3 {[%clk 1:34:00]} Be7 {[%clk
1:32:18]} 10. Be2 {[%clk 1:32:08]} a6 {[%clk 1:32:22]} 11. a4 {[%clk 1:31:41]}
Ndb8 {[%clk 1:15:18]} 12. O-O {[%clk 1:28:49]} Nb4 {[%clk 1:15:11]} 13. Be3
{[%clk 1:20:29]} N8c6 {[%clk 1:15:15]} 14. Na2 {[%clk 1:14:15]} Bd7 {[%clk
1:12:27]} 15. Nxb4 {[%clk 1:14:14]} Bxb4 {[%clk 1:11:04]} 16. Qb3 {[%clk
0:59:52]} Qa5 {[%clk 0:56:58]} 17. Rfd1 {[%clk 0:54:57]} Rc8 {[%clk 0:55:12]} 18.
g4 {[%clk 0:51:08]} h6 {[%clk 0:30:14]} 19. Bf2 {[%clk 0:44:51]} Kd8 {[%clk
0:11:38]} 20. Ne1 {[%clk 0:41:50]} Kc7 {[%clk 0:11:49]} 21. Nd3 {[%clk 0:41:08]}
Kb8 {[%clk 0:11:31]} 22. Rac1 {[%clk 0:40:29]} Be7 {[%clk 0:07:56]} 23. Nc5
{[%clk 0:32:34]} Bxc5 {[%clk 0:05:58]} 24. Rxc5 {[%clk 0:32:27]} Qb4 {[%clk
0:05:50]} 25. Qxb4 {[%clk 0:32:39]} Nxb4 {[%clk 0:06:18]} 26. b3 {[%clk 0:31:09]}
Rxc5 {[%clk 0:04:12]} 27. dxc5 {[%clk 0:31:35]} Rc8 {[%clk 0:04:24]} 28. Rd2
{[%clk 0:29:26]} Be8 {[%clk 0:03:42]} 29. Kg2 {[%clk 0:28:35]} Bc6 {[%clk
0:02:44]} 30. Bf3 {[%clk 0:27:39]} Bd7 {[%clk 0:01:38]} 31. Bh4 {[%clk 0:26:36]}
a5 {[%clk 0:00:55]} 32. Bf2 {[%clk 0:25:51]} b6 {[%clk 0:00:34]} 33. cxb6 {[%clk
0:25:20]} Kb7 {[%clk 0:00:56]} 34. Bd4 {[%clk 0:21:52]} 1/2-1/2

[Event "U20 Polish Youth Championship"]
[Site "Ustron"]
[Date "2019.11.29"]
[Round "8"]
[White "Syrkiewicz, Michal"]
[Black "Kalkowski, Igor"]
[Result "1/2-1/2"]
[Board "19"]
[WhiteElo "1928"]
[WhiteCountry "POL"]
[WhiteFideId "21833494"]
[WhiteEloChange "1"]
[BlackElo "1965"]
[BlackCountry "POL"]
[BlackFideId "21833966"]
[BlackEloChange "-1"]

1. e4 {[%clk 1:30:55]} e6 {[%clk 1:30:56]} 2. d4 {[%clk 1:31:01]} c5 {[%clk
1:31:20]} 3. d5 {[%clk 1:29:50]} exd5 {[%clk 1:31:46]} 4. exd5 {[%clk 1:30:13]}
d6 {[%clk 1:32:11]} 5. Nc3 {[%clk 1:28:50]} Nf6 {[%clk 1:32:32]} 6. Bd3 {[%clk
1:25:05]} Be7 {[%clk 1:31:33]} 7. Nge2 {[%clk 1:22:32]} O-O {[%clk 1:31:49]} 8.
O-O {[%clk 1:21:46]} a6 {[%clk 1:27:47]} 9. a4 {[%clk 1:19:06]} Re8 {[%clk
1:25:51]} 10. Ng3 {[%clk 1:13:38]} Nbd7 {[%clk 1:21:50]} 11. f4 {[%clk 1:07:53]}
Qc7 {[%clk 1:16:46]} 12. b3 {[%clk 1:01:01]} Nf8 {[%clk 1:13:37]} 13. Bd2 {[%clk
0:55:15]} Ng6 {[%clk 1:09:51]} 14. Qf3 {[%clk 0:52:36]} Nh4 {[%clk 1:07:00]} 15.
Qd1 {[%clk 0:50:39]} c4 {[%clk 0:49:30]} 16. Bxc4 {[%clk 0:43:52]} Qb6+ {[%clk
0:48:55]} 17. Kh1 {[%clk 0:43:20]} Ng4 {[%clk 0:49:15]} 18. Qe1 {[%clk 0:33:46]}
Bd7 {[%clk 0:45:32]} 19. h3 {[%clk 0:32:07]} Bf6 {[%clk 0:41:58]} 20. Nge4 {[%clk
0:27:49]} Bxc3 {[%clk 0:15:49]} 21. Bxc3 {[%clk 0:27:44]} Nf5 {[%clk 0:10:00]}
22. a5 {[%clk 0:23:31]} Qa7 {[%clk 0:09:54]} 23. hxg4 {[%clk 0:23:06]} Rxe4
{[%clk 0:10:21]} 24. gxf5 {[%clk 0:19:22]} Rxe1 {[%clk 0:10:38]} 25. Raxe1 {[%clk
0:19:48]} Bxf5 {[%clk 0:09:39]} 26. Bb4 {[%clk 0:19:50]} b5 {[%clk 0:08:31]} 27.
axb6 {[%clk 0:18:14]} Qxb6 {[%clk 0:08:58]} 28. Ba3 {[%clk 0:18:11]} Bxc2 {[%clk
0:07:26]} 29. Re2 {[%clk 0:17:39]} Bxb3 {[%clk 0:05:03]} 30. Rb2 {[%clk 0:17:22]}
Bxc4 {[%clk 0:05:32]} 31. Rxb6 {[%clk 0:17:44]} Bxf1 {[%clk 0:06:00]} 32. Rxd6
{[%clk 0:17:55]} f6 {[%clk 0:05:30]} 33. Rd7 {[%clk 0:17:25]} Bb5 {[%clk
0:04:44]} 34. Rc7 {[%clk 0:17:41]} Rd8 {[%clk 0:05:06]} 35. d6 {[%clk 0:17:56]}
Rd7 {[%clk 0:05:13]} 36. Rxd7 {[%clk 0:17:41]} Bxd7 {[%clk 0:05:37]} 37. Kg1
{[%clk 0:17:38]} Kf7 {[%clk 0:05:50]} 38. Kf2 {[%clk 0:18:03]} Ke6 {[%clk
0:05:52]} 39. g4 {[%clk 0:15:45]} g6 {[%clk 0:05:48]} 40. g5 {[%clk 0:45:09]} Bc6
{[%clk 0:35:23]} 41. Ke2 {[%clk 0:42:54]} fxg5 {[%clk 0:35:12]} 42. fxg5 {[%clk
0:43:18]} Kf5 {[%clk 0:34:43]} 43. Bc1 {[%clk 0:43:37]} a5 {[%clk 0:33:49]} 44.
Kd3 {[%clk 0:42:16]} a4 {[%clk 0:33:53]} 45. Kc4 {[%clk 0:42:23]} Ke6 {[%clk
0:33:47]} 46. Bf4 {[%clk 0:41:31]} Kf5 {[%clk 0:33:32]} 47. Bc1 {[%clk 0:41:57]}
Ke5 {[%clk 0:33:21]} 48. Ba3 {[%clk 0:41:38]} Bd7 {[%clk 0:33:08]} 49. Kc3 {[%clk
0:39:39]} Be6 {[%clk 0:32:34]} 50. Kb4 {[%clk 0:39:55]} Bd7 {[%clk 0:30:48]} 51.
Kc3 {[%clk 0:40:15]} Kd5 {[%clk 0:30:43]} 52. Bb4 {[%clk 0:40:03]} Ke6 {[%clk
0:30:22]} 53. Ba3 {[%clk 0:40:22]} Ke5 {[%clk 0:30:47]} 54. Kc4 {[%clk 0:40:00]}
Ke6 {[%clk 0:30:37]} 55. Kc3 {[%clk 0:40:18]} Bc6 {[%clk 0:30:21]} 56. Kc4 {[%clk
0:39:23]} Kf5 {[%clk 0:30:23]} 57. Bc1 {[%clk 0:39:31]} Bd7 {[%clk 0:29:53]} 58.
Kc3 {[%clk 0:39:10]} Be8 {[%clk 0:29:26]} 59. Kc4 {[%clk 0:39:04]} Ke5 {[%clk
0:28:53]} 60. Ba3 {[%clk 0:39:15]} Ke6 {[%clk 0:28:25]} 61. Kc3 {[%clk 0:39:26]}
Bb5 {[%clk 0:28:24]} 62. Kb4 {[%clk 0:39:31]} Bc6 {[%clk 0:28:52]} 63. Kc4 {[%clk
0:38:29]} Kd7 {[%clk 0:28:42]} 64. Kc5 {[%clk 0:38:34]} Be4 {[%clk 0:29:02]} 65.
Kb4 {[%clk 0:38:42]} Kxd6 {[%clk 0:29:28]} 66. Kxa4+ {[%clk 0:39:05]} Ke6 {[%clk
0:29:50]} 67. Bc1 {[%clk 0:39:23]} Kf5 {[%clk 0:30:12]} 1/2-1/2

[Event "U20 Polish Youth Championship"]
[Site "Ustron"]
[Date "2019.11.29"]
[Round "8"]
[White "Czernek, Tymon"]
[Black "Gardian, Adam"]
[Result "1-0"]
[Board "20"]
[WhiteElo "2097"]
[WhiteCountry "POL"]
[WhiteFideId "1199510"]
[WhiteEloChange "4"]
[BlackElo "1835"]
[BlackCountry "POL"]
[BlackFideId "21831130"]
[BlackEloChange "-4"]

1. e4 {[%clk 1:30:59]} d5 {[%clk 1:26:59]} 2. exd5 {[%clk 1:31:20]} Qxd5 {[%clk
1:27:23]} 3. Nf3 {[%clk 1:31:45]} Bg4 {[%clk 1:20:20]} 4. Be2 {[%clk 1:31:58]}
Nc6 {[%clk 1:16:36]} 5. d4 {[%clk 1:28:56]} O-O-O {[%clk 1:15:23]} 6. c4 {[%clk
1:24:39]} Qh5 {[%clk 1:08:12]} 7. Be3 {[%clk 1:22:53]} e6 {[%clk 0:58:18]} 8. O-O
{[%clk 1:22:21]} Bc5 {[%clk 0:48:22]} 9. h3 {[%clk 1:20:50]} Bxf3 {[%clk
0:46:39]} 10. Bxf3 {[%clk 1:21:15]} Qh4 {[%clk 0:46:53]} 11. Bxc6 {[%clk
1:18:17]} bxc6 {[%clk 0:47:06]} 12. Qc1 {[%clk 1:17:43]} Be7 {[%clk 0:29:42]} 13.
Qc2 {[%clk 1:17:54]} Bf6 {[%clk 0:29:27]} 14. Nd2 {[%clk 1:18:08]} Ne7 {[%clk
0:28:51]} 15. Qa4 {[%clk 1:18:14]} Nf5 {[%clk 0:18:09]} 16. Nb3 {[%clk 1:15:21]}
Bxd4 {[%clk 0:11:27]} 17. Qa6+ {[%clk 1:15:25]} Kd7 {[%clk 0:11:43]} 18. Nxd4
{[%clk 1:15:43]} Nxd4 {[%clk 0:12:07]} 19. Bxd4 {[%clk 1:16:07]} Qxd4 {[%clk
0:12:15]} 20. Rad1 {[%clk 1:16:32]} c5 {[%clk 0:12:41]} 21. Rxd4+ {[%clk
1:16:55]} cxd4 {[%clk 0:13:05]} 22. Rd1 {[%clk 1:17:14]} e5 {[%clk 0:13:29]} 23.
Qb5+ {[%clk 1:17:39]} Ke6 {[%clk 0:13:55]} 24. f4 {[%clk 1:17:56]} f6 {[%clk
0:14:01]} 25. fxe5 {[%clk 1:18:18]} f5 {[%clk 0:14:28]} 26. Qc6+ {[%clk 1:18:40]}
1-0